00638 a2200181 45000010006000000050017000060080041000230030015000640400040000790800117001192450038002362500012002742640041002863000019003275050083003460410008004291000019004374204520260407155711.0260407a1962 arg spa dAR-UNSa-BCEJYS aAR-UNSa-BCEJYSbspacAR-UNSa-BCEJYS a352xNiveles inferiores de la administración. Gobierno local. Administración municipal. Autoridades locales 10aPrincipios de régimen municipal a3a. ed. 1aBuenos Aires :bAbeledo Perrotc1962 a399 p.c23 cm. a1. El régimen municipal - 2. Sistemas municipales - 3. Problemas municipales aspa1 aBielsa, Rafael